Statystyki dla Chivas-Anyżowe żelki(odgadnij cały tekst)

Kliknij tutaj aby rozwiązać quiz!

Ogólne statystyki

  • Ten quiz został rozwiązany 629 razy
    (622 od ostatniego zresetowania)
  • Średni wynik to 223 z 274

Statystyki odpowiedzi

Tekst% Poprawnych
a
98%
z
97%
nie
96%
że
95%
w
94%
na
93%
anyżowe
91%
i
91%
jak
91%
się
91%
to
91%
żelki
91%
bo
90%
smakuje
88%
dwór
87%
jest
87%
Młody
87%
młody
87%
wyjdę
87%
do
86%
depresji
85%
uzależnić
85%
chwile
84%
dwóch
84%
jem
84%
kojarzą
84%
kolacje
84%
najgorsze
84%
najlepsze
84%
pozdrawia
84%
siostrę
84%
tabletki
84%
tylko
84%
żyć
84%
czas
83%
dwa
83%
kiedy
83%
nas
83%
rodziców
83%
wcale
83%
we
83%
zwykle
83%
chciałbym
82%
jadam
82%
jemy
82%
moją
82%
razy
82%
tyle
81%
wyjdziemy
81%
by
80%
domkiem
80%
mi
80%
nigdy
80%
Say10
80%
ale
79%
border
79%
dziewczynę
79%
jestem
79%
kto
79%
przytyję
79%
sobie
79%
straciłem
79%
twarz
79%
kojarzy
78%
mnie
78%
piłem
78%
sam
78%
słucha
78%
był
77%
chociaż
77%
fanem
77%
kogoś
77%
podobna
77%
jego
76%
Jezusa
76%
ogóle
76%
spotkam
76%
trochę
76%
mieszkam
75%
fajnie
74%
gdyby
74%
pojebane
74%
duży
71%
razem
69%
przelew
68%
dzieckiem
67%
bardzo
66%
czekałem
65%
tak
65%
dużym
64%
kupić
64%
chce
61%
przeszkadza
61%
no
60%
przekleństw
60%
ten
60%
59%
czekam
59%
teraz
58%
bez
57%
co
57%
nich
57%
pieniędzy
57%
było
56%
cieszyć
56%
dużo
56%
lepiej
56%
przeklęte
56%
szelest
56%
zaburzenie
56%
brzmi
55%
każdy
55%
może
54%
sumie
54%
szczerze
54%
mówić
53%
rzeczy
53%
zacznie
53%
miałbym
50%
super
46%
jebać
43%
depresję
40%

Rozkład punktacji

Percentyl według liczby udzielonych odpowiedzi

Procent ludzi z każdym wynikiem

Twoja historia wyników

Nie rozwiązałeś tego quizu od ostatniego zresetowania